| 000 | 00984mam a22003134a 4500 | ||
|---|---|---|---|
| 999 |
_c4055 _d4055 |
||
| 001 | 2853903 | ||
| 003 | Nust | ||
| 005 | 20170105101619.0 | ||
| 008 | 000629s2001 mau b 001 0 eng | ||
| 010 | _a 00058330 | ||
| 020 | _a9780140439199 (pbk) | ||
| 035 | _a(OCoLC)ocm44579045 | ||
| 035 | _a(NNC)2853903 | ||
| 040 |
_aDLC _cDLC _dC#P |
||
| 041 | 1 |
_aeng _hchi |
|
| 042 | _apcc | ||
| 050 | 0 | 0 |
_aU101 _b.S9513 2001 |
| 082 | 0 | 0 |
_a355.02 _bTZU |
| 100 | 0 |
_aSunzi, _dactive 6th century B.C. |
|
| 240 | 1 | 0 |
_aSunzi bing fa. _lEnglish |
| 245 | 1 | 4 |
_aThe art of war : _ba new translation / _ctranslation, essays and commentary by the Denma Translation Group. |
| 250 | _a1st ed. | ||
| 260 |
_aBoston : _bShambhala : _bDistributed in the U.S. by Random House, _c2001. |
||
| 300 |
_axxii, 325 p. ; _c24 cm. |
||
| 504 | _aIncludes bibliographical references (p. 235-237) and index. | ||
| 650 | 0 |
_aMilitary art and science _vEarly works to 1800. |
|
| 942 |
_2ddc _cBK |
||